000 00297nam a22001337a 4500
008 171219b xxu||||| |||| 00| 0 eng d
020 _a9780252066009
041 _aeng
080 _a320
100 _a19
101 _aSHP
245 _aGendered Strife Confusion
_cEdwards, L.F
942 _2udc
_cBK
999 _c39159
_d39159